Países con 4 letras - Estadísticas

Estadísticas generales
  • Esta prueba ha sido intentada 36.189 veces
  • La puntuación promedio es 7 de 10
Estadísticas de respuestas
Continent Country % Correcto
South America Perú
93%
North America Cuba
82%
Oceania Fiyi
75%
Asia Irak
68%
Asia Irán
68%
Africa Togo
68%
Africa Chad
67%
Africa Malí
66%
Asia Laos
64%
Asia Omán
64%
No se encontraron pruebas coincidentes
Distribución de puntuación
Porcentaje de gente con cada puntuación
Porcentaje por número respondido
Historial de tus puntuaciones
No has intentado esta prueba.